|
|
|
|
| LEADER |
00753nab a2200229 i 4500 |
| 001 |
misc63612 |
| 005 |
20221004125924.0 |
| 008 |
220620s1930 hu o 0|| eng d |
| 040 |
|
|
|a SZTE Miscellanea Repozitórium
|b hun
|
| 041 |
|
|
|a eng
|
| 100 |
1 |
|
|a Macartney Carlile Aylmer
|
| 245 |
1 |
4 |
|a The Petchenegs
|h [elektronikus dokumentum] /
|c Macartney Carlile Aylmer
|
| 260 |
|
|
|c 1930
|
| 300 |
|
|
|a 342-355
|c 24 cm
|
| 300 |
|
|
|a [14] p.
|c 24 cm
|
| 490 |
0 |
|
|a The Slavonic and East European review
|
| 561 |
|
|
|a Németh Gyula hagyaték
|
| 591 |
|
|
|a NOA 3355
|
| 650 |
|
4 |
|a Bölcsészettudományok
|
| 650 |
|
4 |
|a Történettudomány és régészet
|
| 695 |
|
|
|a Besenyők története
|
| 856 |
4 |
0 |
|u http://misc.bibl.u-szeged.hu/63612/1/3355_noa_m10.pdf
|z Dokumentum-elérés
|